Principios básicos de electrónica

Bibliographic Details
Main Author: Robinson, Vester
Format: Section = Libro
Language:Undetermined
Spanish
Published: México Trillas 1976
Subjects:
LEADER 00435nam a2200169Ia 4500
008 240829s9999 xx 000 0 und d
040 |a BIBLIOTECA-RUPAP 621.381 R658 
041 |a spa 
082 |a 621.381 R658 
100 1 |a Robinson, Vester 
245 1 0 |a Principios básicos de electrónica 
260 |a México  |b Trillas  |c 1976 
300 |a 357 p. :il. 
650 7 |a ELECTRONICA. I. Tít. 
942 |c BK  |2 ddc 
991 |a TEXTO 
999 |c 8130